[Event "Podolsk"]
[Site "?"]
[Date "1992.??.??"]
[Round "?"]
[White "Makarov, M."]
[Black "Georgadze, G."]
[Result "1/2-1/2"]
[WhiteElo "2510"]
[BlackElo "2525"]
[PlyCount "109"]
[EventDate "1992.??.??"]
[Source "ChessBase"]
[SourceDate "1993.02.01"]

1. c4 e6 2. Nf3 d5 3. b3 Be7 4. Bb2 Bf6 5. d4 Ne7 6. Nbd2 O-O 7. e4 g6 8. Be2 Bg7 9. O-O c5 10. e5 cxd4 11. Nxd4 Bxe5 12. Nxe6 Bxh2+ 13. Kxh2 Bxe6 14. Nf3 Nbc6 15. Rh1 f6 16. Kg1 Rf7 17. Qc2 dxc4 18. Rd1 Qb6 19. bxc4 Rd8 20. Rxd8+ Qxd8 21. Qc3 Nf5 22. Kh2 Qa5 23. Rd1 Qxc3 24. Bxc3 Kf8 25. Rd2 h5 26. c5 Nfe7 27. Nd4 Nxd4 28. Bxd4 Kg7 29. Bf3 Bd5 30. Bxf6+ Rxf6 31. Bxd5 Nxd5 32. Rxd5 Rxf2 33. a4 Rf5 34. Rd7+ Rf7 35. Rd5 Rf5 36. Rd7+ Rf7 37. Rd5 Kf6 38. Kg3 Ke6 39. Rd6+ Kf5 40. a5 a6 41. c6 bxc6 42. Rxc6 Rf6 43. Rc5+ Ke4 44. Kh4 Kd4 45. Rc2 Rf4+ 46. Kg3 Rg4+ 47. Kf3 Rg5 48. Rc6 Rxa5 49. Rxg6 Rf5+ 50. Ke2 a5 51. g4 hxg4 52. Rxg4+ Kc3 53. Rg8 Rd5 54. Rc8+ Kb3 55. Rb8+ 1/2-1/2

[Event "300 Years"]
[Site "St Petersburg"]
[Date "2003.10.25"]
[Round "8"]
[White "Neverov, Valeriy"]
[Black "Frolyanov, Dmitry"]
[Result "1/2-1/2"]
[WhiteElo "2550"]
[BlackElo "2482"]
[PlyCount "66"]
[EventDate "2003.10.18"]
[Source "Roberto Alvarez"]
[SourceDate "2003.10.27"]

1. c4 e6 2. Nf3 d5 3. b3 Nf6 4. Bb2 Be7 5. e3 O-O 6. d4 c5 7. Bd3 Nc6 8. O-O b6 9. Nbd2 Bb7 10. Qe2 cxd4 11. exd4 Rc8 12. Rad1 Re8 13. Qe3 Bf8 14. Ne5 dxc4 15. bxc4 Nxe5 16. dxe5 Nd7 17. Ne4 Bxe4 18. Qxe4 g6 19. Be2 Qc7 20. h4 Bg7 21. f4 Nc5 22. Qc2 h5 23. Kh2 Red8 24. Kh3 Qc6 25. Rxd8+ Rxd8 26. Rd1 Rxd1 27. Qxd1 Qe4 28. g3 Bf8 29. Bd4 Nd3 30. Bxd3 Qxd4 31. Qc2 Qg1 32. Be4 Bc5 33. Bg2 Qd4 1/2-1/2

[Event "Bucharest ROM"]
[Site "Bucharest ROM"]
[Date "1996.??.??"]
[Round "?"]
[White "Badea, Bela"]
[Black "Dumitrache, Dragos"]
[Result "0-1"]
[WhiteElo "2520"]
[BlackElo "2510"]
[PlyCount "82"]
[EventDate "1996.??.??"]
[Source "www.chesslib.no"]
[SourceDate "2004.05.04"]

1. c4 e6 2. Nf3 d5 3. g3 c6 4. Bg2 Nf6 5. O-O Nbd7 6. Qc2 Bd6 7. d4 O-O 8. Nbd2 Qe7 9. Rd1 Re8 10. e4 Nxe4 11. Nxe4 dxe4 12. Qxe4 e5 13. Bd2 Nf6 14. Qc2 e4 15. Re1 h6 16. Bc3 Bf5 17. Nd2 Qe6 18. Qb3 Qd7 19. Re2 a5 20. a4 Re7 21. Rae1 Rae8 22. Bxa5 h5 23. Bc3 h4 24. c5 Bb8 25. Nf1 Bg4 26. Rd2 Bf3 27. Ne3 Nh7 28. d5 Bxg2 29. Nxg2 Ng5 30. d6 Nf3+ 31. Kf1 Nxh2+ 32. Kg1 Nf3+ 33. Kf1 h3 34. dxe7 hxg2+ 35. Kxg2 Nxe1+ 36. Kf1 Nd3 37. Qd1 Qh3+ 38. Kg1 Rxe7 39. Qe2 Re6 40. Qf1 Qxf1+ 41. Kxf1 Be5 0-1

[Event "Noviki-A"]
[Site "Budapest"]
[Date "1990.??.??"]
[Round "8"]
[White "Csom, Istvan"]
[Black "Horvath, Jozsef"]
[Result "1/2-1/2"]
[WhiteElo "2505"]
[BlackElo "2525"]
[PlyCount "88"]
[EventDate "1990.??.??"]
[Source "ChessBase"]

1. c4 e6 2. Nf3 d5 3. g3 g6 4. Bg2 Bg7 5. d4 Ne7 6. O-O O-O 7. cxd5 exd5 8. Nc3 Nbc6 9. b3 Nf5 10. e3 Nce7 11. Ba3 Re8 12. Ne5 c6 13. Na4 Nd6 14. Rc1 Nef5 15. Bb2 f6 16. Nd3 Be6 17. Nf4 Bf7 18. Re1 h5 19. Nc5 Re7 20. e4 dxe4 21. Nxe4 Nxe4 22. Bxe4 Bh6 23. Qf3 Qd6 24. Bxf5 gxf5 25. Rxe7 Qxe7 26. d5 Rd8 27. dxc6 bxc6 28. h4 c5 29. Bc3 Qe4 30. Qxe4 fxe4 31. Bxf6 Bxf4 32. gxf4 Rc8 33. f5 c4 34. Rc3 Rc5 35. bxc4 Rxf5 36. Be7 Rf3 37. Rc1 e3 38. fxe3 Rxe3 39. Bg5 Re4 40. c5 Rc4 41. Rxc4 Bxc4 42. a3 Kf7 43. Kf2 Bb5 44. Ke3 Ke6 1/2-1/2